000 00315pab a2200145 454500
008 180718b1999 xxu||||| |||| 00| 0 eng d
100 _aDas, S.K.
245 _aShuffling the pack
260 _c1999
300 _ap.6
362 _a7 Aug
650 _aCivil service
773 _aEctonomic Times
909 _a43276
999 _c43276
_d43276